000
00298nam a22001457a 4500
008
210512b ||||| |||| 00| 0 eng d
020
_a
0875870732
041
_a
eng
080
_a
7
082
_a
7
100
_a
44
101
_a
ART
245
_a
Women Artist
_c
Ann S. Harris
942
_2
udc
_c
BK
999
_c
57287
_d
57287